Riešené príklady v programovacom jazyku COROL : Pre stredné odborné školy

Enregistré dans:
Détails bibliographiques
Auteurs principaux: Schubert, I. (Auteur), Gecko, P. (Auteur), Čihanský, Š. (Auteur)
Format: Livre
Langue:slovaque
Publié: Bratislava : SPN, 1979
Tags: Ajouter un tag
Pas de tags, Soyez le premier à ajouter un tag!

MARC

LEADER 00000nam a22000003a 4500
001 stu182578
005 20150617225558.6
008 090401s1979----cs------------------slo-d
040 |a STU  |b slo 
041 0 |a slo 
044 |a cs 
080 |a 681.31 
100 1 |a Schubert, I.  |4 aut 
245 1 |a Riešené príklady v programovacom jazyku COROL :  |b Pre stredné odborné školy 
260 |a Bratislava :  |b SPN,  |c 1979 
300 |a 495 s 
700 1 |a Gecko, P.  |4 aut 
700 1 |a Čihanský, Š.  |4 aut 
996 |b 284V035799  |c V*18389/O-6935  |l VVS  |s A  |a 24  |w stu182578_0001 
996 |b 284V036073  |c V*20529/O-7977a  |l VVS  |s A  |a 24  |w stu182578_0002 
996 |b 284V035681  |c V*20528/O-7977  |l VVS  |s A  |a 24  |w stu182578_0003